Library Banner

Contemporary accounting (Record no. 31888)

MARC details
000 -LEADER
fixed length control field 00580nam a2200217Ia 4500
001 - CONTROL NUMBER
control field 31846
008 - FIXED-LENGTH DATA ELEMENTS--GENERAL INFORMATION
fixed length control field 140416s9999 xx 000 0 und d
020 ## - INTERNATIONAL STANDARD BOOK NUMBER
International Standard Book Number 0-17-011136-9
040 ## - CATALOGING SOURCE
Transcribing agency PK-LaUMT
082 ## - DEWEY DECIMAL CLASSIFICATION NUMBER
Classification number 657.0994
Item number CON-
100 ## - MAIN ENTRY--PERSONAL NAME
Personal name Bazley, Mike
245 ## - TITLE STATEMENT
Title Contemporary accounting
Statement of responsibility, etc Bazley, Mike<>Berry, Aidan<>Hancock, Phil<>Jarvis, Robin
260 ## - PUBLICATION, DISTRIBUTION, ETC. (IMPRINT)
Place of publication, distribution, etc Australia:
Name of publisher, distributor, etc Thomson,
Date of publication, distribution, etc 2004
300 ## - PHYSICAL DESCRIPTION
Extent 608 p.
546 ## - LANGUAGE NOTE
Language note EN
650 ## - SUBJECT ADDED ENTRY--TOPICAL TERM
Topical term or geographic name as entry element Accounting-Australia-Textbooks
700 ## - ADDED ENTRY--PERSONAL NAME
Personal name Berry, Aidan
700 ## - ADDED ENTRY--PERSONAL NAME
Personal name Hancock, Phil
700 ## - ADDED ENTRY--PERSONAL NAME
Personal name Jarvis, Robin
942 ## - ADDED ENTRY ELEMENTS (KOHA)
Koha item type Books
Holdings
Withdrawn status Lost status Damaged status Not for loan Home library Current library Date acquired Total Checkouts Full call number Barcode Date last seen Price effective from Koha item type
        UMT Main Campus UMT Main Campus 2014-04-16   657.0994 CON- 34055 2014-05-03 2014-05-03 Books